| 000 | 00732nam a22002292 4500 | ||
|---|---|---|---|
| 001 | 0000001035 | ||
| 005 | 20151217151803.0 | ||
| 008 | 070223s xx 000 0 eng d | ||
| 020 |
_a0802478417 : _cKES 1,490 |
||
| 040 |
_aKABU _cKABU |
||
| 050 | 0 |
_aBV4501.2 _b.M331 |
|
| 100 | 1 |
_aMacArthur, John F., _d1939-. _@0000149538 |
|
| 245 | 1 | 4 |
_aThe Master's plan for the church / _cJohn F. MacArthur, Jr. |
| 260 |
_aChicago : _bMoody Press, _cc1991. |
||
| 300 |
_a 287p. ; _c23 cm. |
||
| 650 | 0 |
_aChristian life _y1960-. _@0000148239 |
|
| 650 | 0 |
_aPastoral theology. _@0000149539 |
|
| 908 | _a070223 | ||
| 950 | _@1 | ||
| 999 |
_c5038 _d5038 |
||